000 00461nam a2200145Ia 4500
008 230917s9999||||xx |||||||||||||| ||und||
040 _e54534
_aMAIN
041 _aEnglish
082 _a791.43028092 A65A
100 _aAgnihotri, Ram Awatar
245 0 _aArtistes and their films of modern Hindi Cinema: Cultural and socio-political impact on society 1931-91. 3V
260 _aNew Delhi
_bCommonwealth Publishers
_c1992
300 _aviii, 368 p.
942 _cBK
999 _c76835
_d76835